000 00750nam a2200289Ia 4500
005 20260324113229.0
008 008 260324s9999 xx 000 0 eng d
020 _a9781003374572
037 _aEBOOK
040 _aCRL
040 _beng
040 _cCRL
041 _2eng
041 _aeng
084 _qCRL
100 _aTammy L. Jones; Leslie A. Texas
_91145926
245 0 _aAuthentic Opportunities for Writing about Math in Upper Elementary
245 0 _bPrompts and Examples for Building Understanding
260 _bTaylor and Francis
260 _c2024
365 _a
365 _b205
856 _uhttp://www.taylorfrancis.com/books/9781003374572
942 _cEBOOK
999 _c1735483
_d1735483